| 000 | 00645nam a2200229Ia 4500 | ||
|---|---|---|---|
| 999 |
_c7387 _d7387 |
||
| 003 | 0100 | ||
| 005 | 20170301085342.0 | ||
| 008 | 130303s9999 xx 000 0 und d | ||
| 020 | _a9966213260 | ||
| 040 | _cARRUPELIB | ||
| 050 | _aBR1385.L36 1997 | ||
| 245 | _aLand of promise | ||
| 245 | _bchurch growth in a Sudan at war | ||
| 260 | _aNairobi | ||
| 260 | _bPaulines Publications Africa | ||
| 300 | _a152p. | ||
| 300 | _b 21cm. | ||
| 440 |
_aFaith in Sudan No. 1 _98113 |
||
| 650 |
_aChurch history _98114 _zSudan |
||
| 650 |
_aMissions _zSudan _91912 |
||
| 700 |
_aWheeler, Andrew C. ed. _98115 |
||
| 942 |
_2lcc _cMONOGRAPH |
||